Science Quiz

Random Science or Minefield Quiz

Animal Sorting Blitz II Quiz Stats

 Plays Quiz Updated Jul 10, 2015

Support Sporcle.
Go Orange.
Score 0/32 Timer 01:30
0 Plays Today
% Correct
???
65.6%
???
54.8%
???
52.8%
???
52.5%
???
50.5%
???
48.9%
???
48%
???
47%
???
46.8%
???
43.7%
???
43.5%
???
43.5%
???
41.7%
???
40.3%
???
39.1%
???
38.8%
% Correct
???
36.4%
???
36.3%
???
36.2%
???
32.6%
???
31.4%
???
31%
???
28.1%
???
28.1%
???
27.9%
???
22.3%
???
22.1%
???
22%
???
21.1%
???
17.8%
???
15.6%
???
13.6%

From the Vault

European Capitals First Letter Blitz

by El_Dandy

Geography 90s
Generally the first letter is all you need to get your affairs in order, right?
Remove Ads.
Support Sporcle.
Get the best of Sporcle when you Go Orange. This ad-free experience offers more features, more stats, and more fun while also helping to support Sporcle. Thank you for becoming a member.

Show Comments

Extras

Top Quizzes Today


Score Distribution

Your Account Isn't Verified!

In order to create a playlist on Sporcle, you need to verify the email address you used during registration. Go to your Sporcle Settings to finish the process.

Report this User

Report this user for behavior that violates our Community Guidelines.

Details: